| 000 | 00619nam a2200205 a 4500 | ||
|---|---|---|---|
| 001 | 21197 | ||
| 003 | CO-ViMGA | ||
| 008 | 141112s2004 ck r 000 u spa d | ||
| 020 | _a9587044207 | ||
| 040 |
_aCO-ViMGA _bspa _cCO-ViMGA |
||
| 082 | 0 | 4 | _aPe863 R652a |
| 100 | 1 |
_aRoncagliolo, Santiago _930227 |
|
| 245 | 1 | 0 | _aAbril Rojo |
| 260 |
_aBogotá; alfaguara, _c2006 |
||
| 300 | _a301 | ||
| 590 | _aForma de adquisición : Compra Fact.0854 - - Precio : 39000 - - Proveedor : Temas y libros - - Fecha de adquisición : Mayo 2007 | ||
| 650 | 1 | 4 |
_aLITERATURA PERUANA _915107 |
| 650 | 1 | 4 | _aNOVELA PERUANA |
| 942 |
_2ddc _cBK |
||
| 999 |
_c29845 _d29845 |
||